000 00419nam a22001697a 4500
003 NUST - PNEC
005 20170116180959.0
008 150912b xxu||||| |||| 00| 0 eng d
020 _a0201627493
040 _cLIBRARY
082 _a621.3976 PHI
100 _99425
_aIms, Philips
245 _aThe CD-I design handbook
_cPhilips Ims
260 _cc.1992
650 _99428
_aCD-I technology
_xMIS
942 _2ddc
_cBK
999 _c66647
_d66647